000
00239nam a22000977a 4500
003
SGT
245
_a
Periodontology 2000
260
_a
Willey black well
_c
2011,2013-2020
300
_a
197,233,273,404,201,194,272,228,296,216
942
_2
ddc
_c
BV
999
_c
31267
_d
31267